| 000 | 00000nam##2200000za#4500 |
| 001 | 9.661739 |
| 003 | CaOODSP |
| 005 | 20210615120216 |
| 007 | ta |
| 008 | 150407|2001||||xxc||||| f|0| 0 eng|d |
| 020 | |a0-662-64864-1 |
| 040 | |aCaOODSP|beng |
| 041 | |aeng |
| 041 | |afre |
| 043 | |an-cn--- |
| 086 | 1 |aC45-2/3-2000-2 |
| 110 | 1 |aCanada. |bIndustry Canada. |
| 245 | 10|aPrimary steel in Canada : |bIndustry Snapshot |
| 260 | |aOttawa - Ontario : |bIndustry Canada |c2001. |
| 300 | |aEnglish text, 40p. : |bgraphs, references, tables ; |c28 cm. |
| 500 | |a"The objective of the Industry Snapshots is to provide an economic overview of certain sectors of the metals and minerals processing industry as well as a description of the factors influencing its performance. This Snapshot focuses on the Other Primary Steel Industry for the 1990-1998 period."--Page 3. |
| 520 | 3 |aThe objective of the Industry Snapshots is to provide an economic overview of certain sectors of the metals and minerals processing industry as well as a description of the factors influencing its performance. This Snapshot focuses on the Other Primary Steel Industry for the 1990-1998 period.--Page 3 |
| 546 | |aBilingual |
| 563 | |aSoftcover |
| 590 | |a01-25|b2001-06-22 |
| 690 | 07|aSteel|2gcpds |
| 690 | 07|aIndustry|2gcpds |
| 690 | 07|aProductivity|2gcpds |
| 776 | 0#|tAcier primaire au Canada : |w(CaOODSP)9.639374 |
| 776 | 0#|tPrimary steel in Canada : |w(CaOODSP)9.695228 |
| 792 | |tAcier primaire au Canada : |efre|w(CaOODSP)9.661740 |